000 00372nam a2200133Ia 4500
008 240624s9999 xx 000 0 und d
041 _aeng
082 _a005.133 HAL
100 _aHALVORSON MICHAEL
245 _aMICROSOFT VISUAL BASIC 2010 STEP BY STEP
260 _c2010
_aNew Delhi
_bPrentice-Hall of India
300 _axxviii, : 544 : p. : cm. ; 23
365 _cRS
_b36
999 _c16195
_d16195